000
00324nam a2200133Ia 4500
008
240624s9999 xx 000 0 und d
041
_a
eng
082
_a
005.1 HAM
100
_a
HAMBLING BRIAN
245
_a
SOFTWARE TESTING AN ISEB FOUNDATION
260
_c
2007
300
_a
xii, : 208 : p. : cm. ; 24
365
_c
RS
_b
33
999
_c
11672
_d
11672